LEADER 02518nam 2200625Ia 450 001 9911006510703321 005 20200520144314.0 010 $a1-282-06224-7 010 $a9786612062247 010 $a1-84919-092-5 010 $a1-60119-071-9 035 $a(CKB)1000000000257168 035 $a(EBL)432582 035 $a(OCoLC)609834054 035 $a(SSID)ssj0000071656 035 $a(PQKBManifestationID)11969754 035 $a(PQKBTitleCode)TC0000071656 035 $a(PQKBWorkID)10091096 035 $a(PQKB)11526033 035 $a(MiAaPQ)EBC432582 035 $a(EXLCZ)991000000000257168 100 $a20010828d2001 uy 0 101 0 $aeng 135 $aur|n|---||||| 181 $ctxt 182 $cc 183 $acr 200 14$aThe Control techniques drives and controls handbook /$fBill Drury 210 $aStevenage $cInstitution of Electrical Engineers$dc2001 215 $a1 online resource (395 p.) 225 1 $aIEE power and energy series ;$v35 300 $aDescription based upon print version of record. 311 $a0-85296-793-4 320 $aIncludes bibliographical references and index. 327 $aContents; Preface; 1 Industrial Moters; 2. Power electronics; 3. Resolver; 4. Drive Control; 5 Switched-reluctance and stepper-motor drives; 6. Practical drives; 7. Position and motion-control systems; 8 Communications systems; 9 Supply harmonics due to drives; 10 Electromagnetic compabiliity (EMC); 11 Systems designs; 12 Applications; Appendix A Standards drives; Appendix B Symbols formulae; Appendix C Tables; Appendix D World industrial electricity; Appendix E Bibliography and further reading; Index 330 $aThisis a very comprehensive guide to the technology underlying drives, motors and control units and contains a wealth of technical information for the practising drives and electrical engineer. 410 0$aIEE power and energy series ;$v35. 606 $aElectric motors 606 $aElectric controllers 606 $aElectric driving 615 0$aElectric motors. 615 0$aElectric controllers. 615 0$aElectric driving. 676 $a621.46 676 $a629.8 700 $aDrury$b Bill$0745242 712 02$aControl Techniques (Firm) 712 02$aInstitution of Electrical Engineers. 801 0$bMiAaPQ 801 1$bMiAaPQ 801 2$bMiAaPQ 906 $aBOOK 912 $a9911006510703321 996 $aControl techniques drives and controls handbook$91486136 997 $aUNINA